El Abate Viscardo: historia y mito de la intervención de los Jesuitas en la independencia de Hispanoamérica

Guardat en:
Dades bibliogràfiques
Autor principal: Batllori, Miguel (Autor)
Format: Llibre
Idioma:espanyol
Publicat: Madrid, España Mapfre 1995
Col·lecció:Colección Relaciones entre España y América
Matèries:
Etiquetes: Afegir etiqueta
Sense etiquetes, Sigues el primer a etiquetar aquest registre!

MARC

LEADER 00000nam a2200000 a 4500
001 UCR5856
003 CL-VaPUC
005 20220903073947.0
008 980403e19950000SP |||||||||||||||||spa|d
999 |c 268204  |d 268202 
040 |c Pontificia Universidad Católica de Valparaíso 
082 0 4 |a 980.02 BAT 1995  |2 21 
100 0 |a Batllori, Miguel  |e author  |9 406755 
245 1 3 |a El Abate Viscardo:  |b  historia y mito de la intervención de los Jesuitas en la independencia de Hispanoamérica 
260 |a Madrid, España  |b Mapfre  |c 1995 
300 |a 393 páginas 
490 0 |a Colección Relaciones entre España y América 
583 |a last modification  |c 19980403 00:00:00  |k Rodrigo Vera 
600 0 7 |a VISCARDO, JUAN PABLO  |2 CL-VaPUC  |9 406756 
650 0 |a Jesuitas  |z ESPAÑA  |9 268366 
650 0 |a Historia  |9 255047 
650 0 |a Independencia   |9 344246 
650 0 |a Periodo Colonial  |z ESPAÑA  |9 257430 
942 |c BK  |2 ddc 
945 |d 19980403 00:00:00  |a rbrito 
952 |0 0  |1 0  |2 ddc  |4 0  |6 980_020000000000000_BAT_1995  |7 0  |8 A  |9 301171  |a BIBHIS  |b BIBHIS  |d 2019-11-20  |i 3396703  |o 980.02 BAT 1995  |p 3396703  |r 2025-01-20  |t 1  |w 2019-11-20  |y BK  |k HIS